000 00610nam a2200205Ia 4500
005 20250507130243.0
008 008 250505s9999 xx 000 0 eng d
037 _aSeries Article
040 _aEASL
_beng
_cEASL
041 _aeng
_2eng
084 _qEASL
100 _aMorgan Stephen L
_9250024
245 0 _aWas Japanese colonialism good for the welfare of Taiwanese? stature and the standard of living
260 _aUK
_bUK Cambridge Univesity Press UK
_c2007
300 _a990-1017
650 _aChina
700 _aLiu Shiyung
_9669109
942 _cSRA
999 _c1318584
_d1318584